000 00283nam a22001337a 4500
008 171003b xxu||||| |||| 00| 0 eng d
020 _a9780132430258
041 _aeng
080 _29TH
_a159.9
100 _a48
101 _aPSI
245 _aPSYCHOLOGY
_cWADE.C
942 _2udc
_cBK
999 _c31346
_d31346